A jelentés jelentése

Elmentve itt :
Bibliográfiai részletek
Szerző: Steiner George
További közreműködők: Farkas Anikó
Gyarmati Ágnes
Dokumentumtípus: Cikk
Megjelent: Pompeji Alapítvány Szeged 1994
Sorozat:Pompeji
Kulcsszavak:Irodalomelmélet
Tárgyszavak:
Online Access:http://acta.bibl.u-szeged.hu/9212
LEADER 00746nab a2200229 i 4500
001 acta9212
005 20250520154540.0
008 161015s1994 hu o 000 hun d
022 |a 0865-5553 
040 |a SZTE Egyetemi Kiadványok Repozitórium  |b hun 
041 |a hun 
100 1 |a Steiner George 
245 1 2 |a A jelentés jelentése  |h [elektronikus dokumentum] /  |c  Steiner George 
260 |a Pompeji Alapítvány  |b Szeged  |c 1994 
300 |a 134-154 
490 0 |a Pompeji 
650 4 |a Bölcsészettudományok 
650 4 |a Filozófia, etika és vallástudományok 
695 |a Irodalomelmélet 
700 0 1 |a Farkas Anikó 
700 0 1 |a Gyarmati Ágnes 
856 4 0 |u http://acta.bibl.u-szeged.hu/9212/1/pompeji_1994_004_134-154.pdf  |z Dokumentum-elérés